2025 Fremantle Dockers - Statistics

General Stats
  • This quiz has been taken 36 times
  • The average score is 28 of 44
Answer Stats
Number Answer % Correct
3 Caleb Serong
100%
4 Sean Darcy
95%
8 Andrew Brayshaw
89%
9 Luke Jackson
89%
7 Nathan Fyfe
89%
5 Heath Chapman
84%
2 Jaeger O'Meara
84%
6 Jordan Clark
84%
24 Jye Amiss
84%
1 Sam Sturt
79%
25 Alex Pearce
74%
26 Hayden Young
74%
14 Jeremy Sharp
74%
35 Josh Treacy
74%
23 Karl Worner
74%
16 Murphy Reid
74%
34 Corey Wagner
68%
11 James Aish
68%
13 Luke Ryan
68%
10 Michael Walters
68%
20 Patrick Voss
68%
15 Shai Bolton
68%
41 Bailey Banfield
63%
36 Brennan Cox
63%
37 Josh Draper
63%
31 Brandon Walker
58%
29 Cooper Simpson
58%
44 Matthew Johnson
58%
30 Nathan O'Driscoll
58%
28 Neil Erasmus
58%
39 Sam Switkowski
58%
17 Will Brodie
58%
12 Hugh Davies
53%
21 Oscar McDonald
53%
18 Liam Reidy
47%
32 Michael Frederick
47%
27 Odin Jones
47%
19 Quinton Narkle
37%
22 Charlie Nicholls
32%
40 Jack Delean
32%
33 Ollie Murphy
32%
42 Aiden Riddle
21%
43 Isaiah Dudely
21%
38 Jaren Carr
21%
No matching quizzes found
Score Distribution
Percent of People with Each Score
Percentile by Number Answered
Your Score History
You have not taken this quiz